Logica para computacion /

Guardado en:
Autor Principal: Naishtat, Francisco S.
Formato: Libro
Publicado: Buenos Aires : Eudeba, 1986
Materias:
Etiquetas: Agregar Etiqueta
Sin Etiquetas, Sea el primero en etiquetar este registro!
LEADER 00449nam a22001575a 4500
001 EHU.bham002016
003 AR-BHAM
005 20070322164711.0
008 130507s1986##################000#0#####d
082 1 6 |a 160 
100 1 |a Naishtat, Francisco S. 
245 1 0 |a Logica para computacion /  |c Francisco S. Naishtat. 
260 |a Buenos Aires :  |b Eudeba,  |c 1986 
300 |a 328 p. 
653 |a Logica 
859 |a AR-BHAM  |b BIB. HUMANIDADES - General  |h 160  |i N144  |p 625.88  |t Ej.1